Normal view
MARC view
Entry Personal Name
001 - CONTROL NUMBER
- control field: 51136
003 - CONTROL NUMBER IDENTIFIER
- control field: OSt
005 - DATE AND TIME OF LATEST TRANSACTION
- control field: 20160407165653.0
008 - FIXED-LENGTH DATA ELEMENTS
- fixed length control field: 160407|| aca||aabn | a|a d
040 ## - CATALOGING SOURCE
- Original cataloging agency: OSt
- Transcribing agency: OSt
100 ## - HEADING--PERSONAL NAME
- Personal name: प्रवीण कुमार बंद्रवाल
670 ## - SOURCE DATA FOUND
- Source citation: Work cat.: (OSt)44937: प्रवीण कुमार बंद्रवाल, पानी जीवन का आधार, 2011









